000
00476nam a2200181Ia 4500
008
090124s9999 xx 000 0 und d
082
_b
128821
100
_a
शेख मलिका अमर
245
_a
महानगर
250
_a
1
260
_c
1999
300
_a
88
600
_a
शेख मलिका अमर
630
_a
महानगर
700
_a
शेख मलिका अमर
730
_a
महानगर
942
_c
BOOK
999
_c
174910
_d
174910